000
00262nam a22001217a 4500
008
170526b xxu||||| |||| 00| 0 eng d
041
_a
eng
080
_a
62
100
_a
27
101
_a
IM
245
_a
THE CATALISIS SOCIETY
_c
HIGHTOWER,J.W
942
_2
udc
_c
BK
999
_c
14592
_d
14592